000 00237nam a22001217a 4500
082 _a474
_bSHI/S
100 _aSHIVANI
245 _aSUGHA GHULAB
260 _aDELHI
_bRAJPAAL
300 _a16
650 _aSTORY HINDI
_zDELHI
942 _cBK
999 _c4944
_d4944